| 000 | 00000nam##2200000za#4500 |
| 001 | 9.571227 |
| 003 | CaOODSP |
| 005 | 20210624182624 |
| 007 | cr ||||||||||| |
| 008 | 150406|1998||||xxc|||||o f|0| 0 eng|d |
| 040 | |aCaOODSP|beng |
| 043 | |an-cn--- |
| 086 | 1 |aTU3-5/98-2E-PDF |
| 110 | 2 |aTransportation Safety Board of Canada. |
| 245 | 10|aLoss of rotor RPM and forced landing, BigHorn Aviation Inc., Eurocopter AS-350D (Helicopter) C-GBRC, Cranbrook VOR site, British Columbia, 19 January 1998 |h[electronic resource] |
| 260 | |aGatineau - Quebec : |bTransportation Safety Board of Canada |c[1999]. |
| 300 | |a8p.|btables |
| 490 | 1 |aAviation investigation report |vA98P0022 |
| 590 | |a11-32-Supp|b2011-12-20 |
| 775 | 08|tBaisse de régime du rotor et atterrissage forcé, BigHorn Aviation Inc., Eurocopter AS-350D (hélicoptère) C-GBRC, Station VOR de Cranbrook (Colombie-Britannique), 19 janvier 1998 |w(CaOODSP)9.601852 |
| 830 | #0|aAviation investigation report ;|vA98P0022|w(CaOODSP)9.504825 |
| 856 | 40|ahttp://publications.gc.ca|qPDF|s84 KB|uhttps://publications.gc.ca/collections/collection_2011/bst-tsb/TU3-5-98-2-eng.pdf|yA98P0022 |